000 00970nam a2200253Ia 4500
003 OSt
005 20220923211021.0
006 a|||||r|||| 00| 0
007 ta
008 220922b |||||||| |||| 00| 0 hin d
020 _a8170556597 (hbk)
_c200
024 _a234,406
037 _b481, 21/03/2008, Vani Prakashan
_cTextual
040 _aARTS
_cARTS
_bhin
041 _2hin
_ahin
082 _aO152,1N27,1, N9
100 _aराही मासूम रज़ा; कुॅंवरपाल सिंह, संपा.
_9157193
245 0 _aक्रान्ति - कथा 1857
246 _aKrānti - kathā 1857
260 _aनई दिल्ली
_b वाणी प्रकाशन
_c1999
300 _a227पृ.
_ccm.
942 _hO152,1N27,1, N9
_cTEXL
_2CC
999 _c293992
_d293992